| Tag |
First Indicator |
Second Indicator |
Subfields |
| LEADER |
00000cam a2200000 4500 |
| 001 |
in00000154776 |
| 005 |
20151008065847.0 |
| 008 |
720121s1971 nyu b 00100beng d |
| 010 |
|
|
|a 71120020
|
| 035 |
|
|
|a (OCoLC)00193912
|
| 035 |
|
|
|9 AAS1469AM
|
| 040 |
|
|
|a DLC
|c DLC
|d TXA
|d UtOrBLW
|
| 049 |
|
|
|a TXAM
|c [1023595]
|
| 050 |
0 |
0 |
|a PT2621.R27
|b Z95
|
| 082 |
0 |
|
|a 838/.9/1209
|
| 100 |
1 |
|
|a Zohn, Harry.
|
| 245 |
1 |
0 |
|a Karl Kraus.
|
| 264 |
|
1 |
|a New York :
|b Twayne Publishers,
|c [1971]
|
| 300 |
|
|
|a 178 pages ;
|c 21 cm.
|
| 336 |
|
|
|a text
|b txt
|2 rdacontent
|
| 337 |
|
|
|a unmediated
|b n
|2 rdamedia
|
| 338 |
|
|
|a volume
|b nc
|2 rdacarrier
|
| 490 |
0 |
|
|a Twayne's world authors series, TWAS116: Austria
|
| 504 |
|
|
|a Includes bibliographical references.
|
| 600 |
1 |
0 |
|a Kraus, Karl,
|d 1874-1936.
|
| 999 |
|
|
|a MARS
|
| 999 |
f |
f |
|s a73439db-2abb-3493-8c44-ef316b836dad
|i b3f3af1b-dfa5-3c9e-89b1-926b7bf2d610
|t 0
|
| 952 |
f |
f |
|p ric
|a Texas A&M University
|b Rellis Campus
|c Joint Library Facility
|d Remote Storage
|t 0
|e PT2621.R27 Z95
|h Library of Congress classification
|i unmediated -- volume
|m A14804171274
|
| 998 |
f |
f |
|a PT2621.R27 Z95
|t 0
|l Remote Storage
|